| 000 | 00353cam a22001097a 4500 | ||
|---|---|---|---|
| 008 | 180718b1972 xxu||||| |||| 00| 0 eng d | ||
| 082 | _aR112x54 In2r/ind | ||
| 245 |
_aReport of the working group on industries _cby Committee of Unemployment |
||
| 260 |
_aNew Delhi _bVigyan Bhavan Annexe _c1972 |
||
| 300 | _a82p | ||
| 700 | _aIndia, Committee of Unemployment | ||
| 999 |
_c495695 _d495695 |
||